A "The Godfather" Parts I and II quiz. - Statistics

General Stats
  • This quiz has been taken 199 times
  • The average score is 26 of 31
Answer Stats
Hint Answer % Correct
After killing "The Turk", Michael must flee the country. Which country does he go to? Italy.
99%
And who replaces the latter once he is killed? Michael Corleone.
99%
In the first scene of the first movie, we see the Don petting an animal. Which animal was it? A cat.
98%
Complete the quote: "I'll make him an _____ he can't refuse". Offer.
98%
Who's the first Don we're introduced to in the first movie? Vito Corleone.
98%
Can you tell the famous actor who played The Godfather's youngest son? Al Pacino.
97%
Who's the family member everyone mocks for being "soft"? Fredo Corleone.
97%
Where is the first movie (mainly) set? New York City.
97%
And who replaces him once he is hospitalised? Sonny Corleone.
96%
Who's the lawyer turned Consigliere turned lawyer again? Tom Hagen.
95%
When did the first movie come out? 1972.
93%
And can you give the name to the man who played The Godfather himself? Marlon Brando.
93%
And the second? 1974.
92%
And who's The Godfather's daughter? Connie Corleone.
92%
In the second movie, the protagonist visits a communist country. What's its name? Cuba.
91%
What's the event happening at the start of the first movie? A marriage.
90%
And where is the second one (mainly) set? Nevada / Las Vegas.
88%
Who wrote the book the movies are based on? Mario Puzo.
85%
And who helped the former write the screenplay, and directed the movie? Francis Ford Coppola.
84%
Complete the quote: "Look how they massacred __ ___" My boy.
84%
A fruit, and also a colour, symbolize something bad is coming. What is it? Orange.
83%
An man infamous for being strong and big ends up dying at the start of the first movie. What's his name? Luca Brazi.
82%
At the end of the second movie, our protagonist also has some people murdered while he just kind of stands there, including his own brother. What was said brother doing when he got killed? Fishing.
81%
In which event was the protagonist taking part at the end of the first movie, whilst his enemies were assassinated? A baptism.
80%
And name the one that didn't explode. Kay Adams.
78%
What's the name of the second movie's protagonist's son? Anthony Corleone.
71%
Name the protagonist's wife, the one that blew up. Apollonia Vitelli.
67%
And, when he visits such nation, we see a rebel scream an infamous revolutionary's name, before blowing himself up. Whose name did he shout? Fidel Castro.
65%
Can you name the man who betrays the family at the end of the first movie? Salvatore Tessio.
61%
What can't a Sicilian refuse on their daughter's "special day"? A favor.
57%
The 2nd movie's protagonist is betrayed by someone. What's their name? Hyman Roth.
54%
No matching quizzes found
Score Distribution
Percent of People with Each Score
Percentile by Number Answered
Your Score History
You have not taken this quiz